Writing for design professionals: a guide to writing successful proposals, letters, brochures, portfolios, reports, presentations, and job applications for architects, engineers, and interior designers
Uloženo v:
| Hlavní autor: | |
|---|---|
| Médium: | Kniha |
| Jazyk: | angličtina |
| Vydáno: |
Nueva York
W. W. Norton
1998
|
| Témata: | |
| Tagy: |
Přidat tag
Žádné tagy, Buďte první, kdo vytvoří štítek k tomuto záznamu!
|
MARC
| LEADER | 00000nam a2200000 a 4500 | ||
|---|---|---|---|
| 001 | UCN5823 | ||
| 003 | CL-VaPUC | ||
| 008 | 010913e19980000US |||||||||||||||||eng|d | ||
| 082 | 0 | 4 | |a 808.066 |b KLI |2 21 |
| 100 | 0 | |a Kliment, Stephen A |e author |9 461522 | |
| 245 | 1 | 0 | |a Writing for design professionals: a guide to writing successful proposals, letters, brochures, portfolios, reports, presentations, and job applications for architects, engineers, and interior designers |
| 300 | |a 232 p | ||
| 942 | |c BK | ||
| 945 | |d 20010913 00:00:00 |a rbrito | ||
| 260 | |a Nueva York |b W. W. Norton |c 1998 | ||
| 650 | 7 | |a EJERCICIO DE REDACCION |2 CL-VaPUC |9 461523 | |
| 650 | 7 | |a REDACCION DE INFORMES |2 CL-VaPUC |9 461524 | |
| 650 | 0 | |a Redacción técnica |9 259855 | |
| 650 | 0 | |a Escritura |9 264941 | |
| 650 | 0 | |a Enseñanza de la escritura |9 307377 | |
| 583 | |a last modification |c 20010913 00:00:00 |k Rodrigo Vera | ||
| 999 | |c 296969 |d 296967 | ||
| 952 | |0 0 |1 0 |4 0 |6 808_066000000000000_KLI_1998 |7 0 |8 A |9 351294 |a FDOPOS |b FDOPOS |d 2019-11-21 |i 3706044 |o 808.066 KLI 1998 |p 3706044 |r 2025-01-22 |w 2019-11-21 |y BK |k MLA | ||